Counting TV Characters Quiz Stats

 Plays Quiz Updated Oct 20, 2015

Challenge
Share
Tweet
Embed
Score 0/53 Timer 03:00
10 Plays Today
% Correct
Bart
99.1%
Lisa
98%
Michelangelo
97.4%
Donatello
97.1%
Maggie
96.8%
Leonardo
95.9%
Raphael
95.2%
Rachel
94.4%
Phoebe
94.4%
Chandler
94.2%
Joey
94.1%
Ross
94%
Monica
93.7%
Kenny
91.7%
Scooby-Doo
89.1%
Shaggy
88.9%
Barney
87.1%
Cindy
86.4%
Daphne
85.4%
Bobby
85%
Kyle
85%
Velma
84.8%
Eric
84.8%
Carol
84.6%
Marcia
84%
Jan
83.9%
Greg
83.2%
% Correct
Peter
82.6%
Stan
82.3%
Fred
82.2%
Ted
82.1%
Lily
80.1%
Robin
79.7%
Mike
79.4%
Marshall
78%
Grey Wind
75.3%
Davison
73.4%
McCoy
73.3%
Capaldi
73.2%
Tennant
73.1%
Baker
73.1%
McGann
73%
Eccleston
72.1%
Nymeria
72%
Hartnell
71.9%
Smith
71.1%
Troughton
69.7%
Baker
69.4%
Ghost
64.9%
Pertwee
60.7%
Shaggydog
60%
Lady
59.8%
Summer
52.1%

You're not logged in!

Compare scores with friends on all Sporcle quizzes.
Join for Free
OR
Log In

You Might Also Like...

Show Comments

Extras

Top Quizzes Today


Score Distribution

Your Account Isn't Verified!

In order to create a playlist on Sporcle, you need to verify the email address you used during registration. Go to your Sporcle Settings to finish the process.

Report this User

Report this user for behavior that violates our Community Guidelines.

Details: